Cytaty z rancza - Statystyki

Ogólne statystyki
  • Ten quiz został rozwiązany 212 razy
    195 od ostatniego zresetowania
  • Średni wynik to 7 z 12
Statystyki odpowiedzi
Cytat Postać % Poprawnych
Bo żony zrozumieć się nie da. Żona to do kochania je, a nie do rozumienia. Pietrek
90%
Jak wójtowi z dupy durszlak zrobię, to do końca roku nie usiądzie. Solejuk
87%
Ja z moją żoną to czasami mam taką różnicę poglądów, że nawet która godzina jest, się nie zgadzamy. Hadziuk
83%
Na miłość nigdy nie jest za późno, za to na samotność zawsze jest za wcześnie. Kusy
77%
(…) ty więcej współżycia z ławką pod sklepem miałeś niż ze mną. Hadziukowa
75%
Kusy to jest jedyny facet, jaki mnie szanował jako człowieka i jako kobietę (…). Wioletka
75%
Jest prawda proboszcza i prawda wójta. I jak się je złoży razem,to powstanie cała prawda. Witebski
57%
Kusy, zdarza się, że kobieta w szok poporodowy wpada, ale żeby mężczyzna? No pierwszy raz widzę… Doktor Wezół
54%
Sałatę umyj. No co? Ręce myjesz czasem, to i z sałatą może ci się uda. Więcławska
45%
Ja dzisiaj mam pierwszy dzień urlopu – nic nie widzę. Posterunkowy stasiek
27%
Jednym kieliszkiem nawet dziecka nie rozweselisz. Wójt Kozioł
17%
Są prawa kanoniczne i prawa człowieka. Ksiądz Kozioł
15%
Nie znaleziono quizów pasujących do podanych kryteriów
Rozkład punktacji
Procent ludzi z każdym wynikiem
Percentyl według liczby udzielonych odpowiedzi
Twoja historia wyników
Nie rozwiązałeś tego quizu od ostatniego zresetowania